| 000 | 00913nam a22002537a 4500 | ||
|---|---|---|---|
| 001 | 44819 | ||
| 003 | BD-RjUL | ||
| 005 | 20211209053925.0 | ||
| 008 | 160720r19761970bg ||||| |||| 00| 0 ben d | ||
| 020 | _c32.00 | ||
| 035 | _a(BD-RjUL)44937 | ||
| 040 |
_aBD-RjUL _bben _cBD-RjUL |
||
| 041 | _aben | ||
| 082 |
_223 _a539.7 _bHUP 1976 |
||
| 100 |
_aহোসেন, আহমদ _9122941 |
||
| 245 | 1 | 0 |
_aপারমাণবিক পদার্থবিজ্ঞান / _cডক্টর আহমদ হোসেন |
| 250 | _a২য় সং. | ||
| 260 |
_aঢাকা : _bবাংল একাডেমী, _c১৯৭৬ |
||
| 300 |
_a৪৭৪ পৃ. _c২২ সেমি. |
||
| 650 |
_aপারমাণবিক পদার্থবিজ্ঞান _9137379 |
||
| 650 |
_aNuclear physics _9116600 |
||
| 700 |
_aইসলাম, গাজী সিরাজুল _9122943 |
||
| 942 |
_2ddc _cBK |
||
| 999 |
_c44819 _d44819 |
||